[Event "CRO-chT U20 29th"]
[Site "Cakovec"]
[Date "2020.07.15"]
[Round "3.2"]
[White "Poljan, Max"]
[Black "Dankos, Mislav"]
[Result "0-1"]
[WhiteElo "1649"]
[BlackElo "1274"]
[PlyCount "160"]
[EventDate "2020.07.14"]
[EventType "team-tourn"]
[EventRounds "11"]
[EventCountry "CRO"]
[SourceTitle "CBM 197 Extra"]
[Source "ChessBase"]
[SourceDate "2020.09.30"]
[SourceVersion "1"]
[SourceVersionDate "2020.09.30"]
[SourceQuality "1"]
[WhiteTeam "Strigova Stridon U20"]
[BlackTeam "Osijek Ferit U20"]
[WhiteTeamCountry "CRO"]
[BlackTeamCountry "CRO"]

1. d4 d5 2. Nf3 Nf6 3. e3 Bf5 4. c4 c6 5. Qb3 Qc7 6. Nc3 e6 7. Be2 Bd6 8. 0-0 0-0 9. h3 b6 10. Bd2 Nbd7 11. Rac1 Qb7 12. Nh4 Ne4 13. Nxe4 Bxe4 14. f3 dxc4 15. Bxc4 Bd5 16. Bxd5 cxd5 17. f4 Nf6 18. Nf3 Ne4 19. Bb4 Bxb4 20. Qxb4 Qa6 21. Qb3 Ng3 22. Rfe1 Ne2+ 23. Kf2 Nxc1 24. Rxc1 Rac8 25. Rc3 Rxc3 26. Qxc3 Qc4 27. Qa3 a5 28. Qe7 Qc2+ 29. Kg3 Qg6+ 30. Kf2 Qf6 31. Qb7 Qd8 32. Ne5 Qd6 33. Nd7 Rd8 34. Ne5 Rf8 35. Nd7 Qe7 36. Qc6 Rd8 37. Ne5 f6 38. Nd3 Rd6 39. Qb5 Qd7 40. Qxd7 Rxd7 41. Ke2 Rc7 42. Kd2 Kf7 43. g3 g5 44. fxg5 fxg5 45. Ne5+ Kf6 46. g4 b5 47. Nd3 b4 48. Kd1 Ke7 49. Kd2 Kd6 50. Kd1 Kc6 51. Nc5 Kd6 52. Nd3 Rb7 53. Kc2 Rf7 54. Ne5 Rf2+ 55. Kb3 Kc7 56. Ka4 Kb6 57. Nd7+ Ka6 58. Nc5+ Kb6 59. Nd7+ Kc7 60. Ne5 Rxb2 61. Kxa5 b3 62. axb3 Rxb3 63. Nf7 h6 64. Nxh6 Rxe3 65. Nf7 Rxh3 66. Nxg5 Rh4 67. Nxe6+ Kd6 68. Nf4 Rxg4 69. Ne2 Re4 70. Nc1 Rxd4 71. Nb3 Rc4 72. Kb5 Ke5 73. Nd2 Rc2 74. Nf1 d4 75. Kb4 d3 76. Kb3 Rc8 77. Nd2 Kd4 78. Nf1 Ke4 79. Nd2+ Ke3 80. Nc4+ Rxc4 0-1

[Event "Osijek op 12th"]
[Site "Osijek"]
[Date "2019.02.22"]
[Round "3.38"]
[White "Dankos, Mislav"]
[Black "Dragicevic, Ivica"]
[Result "0-1"]
[WhiteElo "1362"]
[BlackElo "1730"]
[PlyCount "66"]
[EventDate "2019.02.21"]
[EventType "swiss"]
[EventRounds "7"]
[EventCountry "CRO"]
[SourceTitle "EXT 2023"]
[Source "ChessBase"]
[SourceDate "2022.10.05"]
[SourceVersion "1"]
[SourceVersionDate "2022.10.05"]
[SourceQuality "1"]

1. e4 c6 2. d4 d5 3. Nc3 dxe4 4. Nxe4 Bf5 5. Nc3 Nf6 6. Nf3 h6 7. h3 e6 8. Bf4 Be7 9. Bd3 Bxd3 10. Qxd3 Nbd7 11. 0-0 Nd5 12. Bh2 N7f6 13. a3 0-0 14. Rfe1 Rc8 15. Nxd5 cxd5 16. c3 a6 17. Ne5 Ne4 18. Rac1 Bh4 19. Re2 b5 20. g3 Bf6 21. f4 Rc7 22. a4 Qb8 23. b3 Bxe5 24. fxe5 Rfc8 25. Rec2 bxa4 26. bxa4 Qb3 27. Qxa6 Rxc3 28. Qxc8+ Rxc8 29. Rxc8+ Kh7 30. a5 Qe3+ 31. Kh1 Qf3+ 32. Kg1 Nf2 33. a6 Nxh3# 0-1

[Event "Osijek op 12th"]
[Site "Osijek"]
[Date "2019.02.21"]
[Round "2.38"]
[White "Ivekovic, Zvjezdana"]
[Black "Dankos, Mislav"]
[Result "1-0"]
[WhiteElo "1715"]
[BlackElo "1362"]
[PlyCount "45"]
[EventDate "2019.02.21"]
[EventType "swiss"]
[EventRounds "7"]
[EventCountry "CRO"]
[SourceTitle "EXT 2023"]
[Source "ChessBase"]
[SourceDate "2022.10.05"]
[SourceVersion "1"]
[SourceVersionDate "2022.10.05"]
[SourceQuality "1"]

1. d4 d5 2. c4 e6 3. Nf3 Nf6 4. g3 c5 5. cxd5 exd5 6. Bg2 Nc6 7. 0-0 Be7 8. Nc3 0-0 9. dxc5 Bxc5 10. Bg5 h6 11. Bxf6 Qxf6 12. Qxd5 Bb4 13. Rac1 Re8 14. Qd1 Be6 15. a3 Bxc3 16. Rxc3 Rad8 17. Qc1 Bg4 18. Re1 Nd4 19. Nxd4 Qxd4 20. Rd3 Rxe2 21. Rxd4 Rxe1+ 22. Qxe1 Rxd4 23. Qe8+ 1-0